000 01746nam a2200253Ia 4500
000 02063naaa 00301uu
001 https://directory.doabooks.org/handle/20.500.12854/67159
005 20260218105654.0
008 211013s9999 xx 000 0 und d
020 _a9781789851083
024 _a10.5772/intechopen.77411
042 _adc
100 1 _aSamsuri, Ariffin
245 0 _aEnhanced Oil Recovery Processes : New Technologies
260 _bIntechOpen
_c2019
300 _a1 electronic resource (160 p.)
520 _aConcerned with production decline, shortages of new oil reserves, and increasing world energy demand, the oil sector continues to search for economic and efficient techniques to enhance their oil recovery from the existing oil field using several enhanced oil recovery techniques (EOR)methods. Despite its highefficiency, widely acclaimed potentials, and limitations, the Low Salinity Water Flooding (LSWF), hybrid, and nanotechnology applications have gained vast interest with promising future to increase ultimate oil recovery, tackle operational challenges, reduce environmental damage, and allow the highest feasible recoveries with lower production costs. This synergistic combination has opened new routes for novel materials with fascinating properties. This book aims to provide an overview of EOR technology such as LSWF, hybrid, and nanotechnology applications in EOR processes.
540 _aCreative Commons
653 _aPetroleum technology
700 1 _aSamsuri, Ariffin
856 _uhttps://docs.google.com/spreadsheets/d/1yKIrdCPDAG_9c22mwoOIO2DOhtj65Wqa/edit?usp=sharing&ouid=106555315294820607512&rtpof=true&sd=true
_yList of Curated E-Books
942 _cE-BOOK
999 _c47020
_d47020